书目信息 |
| 题名: |
线性电路分析
|
|
| 作者: | 钟声诠 , 姚德生 著 | |
| 分册: | ||
| 出版信息: | 北京 水利电利出版社 1987 |
|
| 页数: | 563页 | |
| 开本: | 19cm | |
| 丛书名: | ||
| 单 册: | ||
| 中图分类: | TM131 , TN711 | |
| 科图分类: | ||
| 主题词: | 线性电路-电路分析 , 电路分析-线性电路 , 网络电路 | |
| 电子资源: | ||
| ISBN: | ||
| 000 | 00763nam0 2200289 45 | |
| 001 | 0187006496 | |
| 005 | 20040916112247.8 | |
| 010 | @dCNY3.65 | |
| 091 | @a15143.6153 | |
| 100 | @a19901007d1987 em y0chiy0121 ea | |
| 101 | 0 | @achi |
| 102 | @aCN@b110000 | |
| 105 | @ay z 000yy | |
| 106 | @ar | |
| 200 | 10 | @a线性电路分析@Axian xing dian lu fen xi@f钟声诠, 姚德生著 |
| 210 | @a北京@c水利电利出版社@d1987 | |
| 215 | @a563页@d19cm | |
| 606 | @a线性电路-电路分析 | |
| 606 | @a电路分析-线性电路 | |
| 606 | 0 | @a网络电路 |
| 690 | @aTM131@v3 | |
| 690 | @aTN711@v3 | |
| 701 | 0 | @a钟声诠@Azhong sheng quan@4著 |
| 701 | 0 | @a姚德生@Ayao de sheng@4著 |
| 801 | 0 | @aCN@b深圳图书馆@c20040517 |
| 801 | 2 | @aCN@bNLC@c20040517 |
| 905 | @dTN711@e111@f1@b204975 | |
| 线性电路分析/钟声诠, 姚德生著.-北京:水利电利出版社,1987 |
| 563页;19cm |
| ISBN :CNY3.65 |
| ● |
| 相关链接 |
|
|
|
|
正题名:线性电路分析
索取号:TN711/111
 
预约/预借
| 序号 | 登录号 | 条形码 | 馆藏地/架位号 | 状态 | 备注 |
| 1 | 0204974 | 001357819 | 第三借阅区/ [索取号:TN711/111] | 在馆 | |
| 2 | 0204975 | 001957528 | 第三借阅区/ [索取号:TN711/111] | 在馆 | |
| 3 | 0204976 | 001357855 | 第二样本阅览室/ [索取号:TN711/111] | 在馆 |